| 000 | 01859cas a2200505 a 4500 | ||
|---|---|---|---|
| 001 | 11287556 | ||
| 005 | 20180216032104.0 | ||
| 008 | 801016c19819999pauqr p 0 a0eng c | ||
| 010 |
_a 84645835 _zsf 82001008 _zsn 80013689 |
||
| 015 |
_a013481509 _2dnb |
||
| 016 | 7 |
_a013481509 _2DE-101 |
|
| 016 | 7 |
_a604580-7 _2DE-600 |
|
| 016 | 7 |
_a8100174 _2DNLM |
|
| 016 | 7 |
_aC27455600 _2DNLM |
|
| 016 | 7 |
_a007062923 _2Uk |
|
| 016 | 7 |
_a007530762 _2Uk |
|
| 022 | 0 |
_a0272-2712 _21 |
|
| 030 | _aCLMED6 | ||
| 032 |
_a000713 _bUSPS |
||
| 035 | _a(OCoLC)ocm06829971 | ||
| 037 | _bW.B. Saunders Co., West Washington Square, Philadelphia, Pa. 19105 | ||
| 040 |
_aNSD _beng _cNSD _dVET _dMUL _dNLM _dDLC _dNST _dRCS _dNST _dDLC _dNST _dAIP _dDLC _dAIP _dNST _dNSD _dNST _dNSD _dDLC _dHUL _dSYS _dOCLCQ _dNSD _dLVB _dOCLCQ _dGBVCP _dUKMGB _dOCLCQ _dOCLCF _dOCLCO _dOCLCQ _dOCLCO _dOCLCQ _dOCLCO _dCASUM _dOCLCO _dOCLCA |
||
| 041 | _aeng | ||
| 042 |
_ansdp _apcc |
||
| 060 | 0 | 0 |
_aW1 _bCL831CC |
| 080 | _a616.07/5 ala | ||
| 082 | 0 | 4 |
_a616.07/5 ala _219 |
| 100 | _a3 | ||
| 101 | _ashm | ||
| 210 | 0 | _aClin. lab. med. | |
| 222 | 0 | _aClinics in laboratory medicine | |
| 245 | 0 | 0 | _aClinics in laboratory medicine. |
| 246 | 1 | 8 | _aLaboratory medicine |
| 310 | _aQuarterly | ||
| 362 | 0 | _aVol. 1, no. 1 (Mar. 1981)- | |
| 530 | _aAlso issued online. | ||
| 590 | _aSERBIB/SERLOC merged record | ||
| 776 | 1 |
_tClinics in laboratory medicine (Online) _x1557-9832 _w(DLC) 2005213159 _w(OCoLC)57397060 |
|
| 906 |
_a7 _bcbc _cserials _d3 _encip _f19 _gn-oclcserc |
||
| 942 |
_2ddc _cBK |
||
| 999 |
_c42717 _d42717 |
||